| 000 | 01067cam a22003011i 4500 | ||
|---|---|---|---|
| 003 | SA-RiAUC | ||
| 005 | 20251224135010.0 | ||
| 008 | 251223s1988 le g 00000 ara c | ||
| 040 |
_aSA-RiAUC _bara _cSA-RiAUC _erda |
||
| 050 | 4 | _b.S25 1988 | |
| 050 | 1 | 4 | _b.S2 1990 |
| 082 | 0 | 4 |
_a220 _qSA-RiAUC |
| 090 |
_a220 _bص ا ل |
||
| 100 | 1 |
_aالصالح، صبحي، _d1926-1986 _eمؤلف. |
|
| 245 | 1 | 0 |
_aمباحث في علوم القرآن / _cتأليف صبحي الصالح. |
| 250 | _aالطبعة السابعة عشر. | ||
| 264 | 1 |
_aبيروت : _bدار العلم للملايين، _c1988 |
|
| 300 |
_a381 صفحة ؛ _c24 سم. |
||
| 336 |
_aنص _btxt _2rdacontent _3كتاب |
||
| 337 |
_aبدون وسيط _bn _2rdamedia |
||
| 338 |
_aمجلد _bnc _2rdacarrier |
||
| 490 | 0 | _aفي علم الدبلوماتيك العربي | |
| 630 | 2 | 7 |
_aالقرآن _xعلوم _2aucut |
| 630 | 2 | 7 |
_aالقرآن _xمباحث عامة _2aucut |
| 730 | 2 | 2 | _aالقرآن |
| 942 |
_2ddc _cBOOK _n0 |
||
| 949 |
_aSA-JeALM _d251223 _umohamedma123 _n1 |
||
| 999 |
_c13669 _d13669 |
||